| 000 | 01548nam0a2200373 4500 | ||
|---|---|---|---|
| 001 | RU\NLR\BIBL_A\011188587 | ||
| 005 | 20260409072329.0 | ||
| 010 |
_a978-5-496-02127-2 _94000 |
||
| 021 |
_aRU _b2016-56701 _93600 |
||
| 035 | _a(NLR Aleph) 011188587 | ||
| 035 | _a(NILC)RuMoRGB-008552026 | ||
| 090 |
_a11855828 _c11855828 |
||
| 100 | _a20160804d2016 |||y0rusy50 ca | ||
| 101 | 1 |
_arus _cger |
|
| 102 | _aRU | ||
| 105 | _aa z 000yy | ||
| 200 | 1 |
_aНа море _eнаходилки-развивалки _e[для детей младше 6 лет] _fБьянка Минте-Кёниг, Ханс-Гюнтер Дёринг _g[пер.: В. Соловьева] |
|
| 210 |
_aСанкт-Петербург [и др.] _cПитер _d2016 |
||
| 215 |
_a[24] с. _cцв. ил. _d30 |
||
| 225 | 1 | _aСоответствует ФГОС | |
| 225 | 1 | _aСерия "Вы и ваш ребенок" | |
| 333 | _a4+ | ||
| 606 | 1 |
_aДошкольники _xОзнакомление с жизнью морских животных _92619339 _3RU\NLR\AUTH\661555899 |
|
| 606 |
_aДошкольники _xОзнакомление с окружающей жизнью _3RU\NLR\AUTH\66999152 _91593269 |
||
| 675 | _a087.5 | ||
| 686 | 1 | _aЧ411.387 | |
| 700 | 1 |
_8rus _7ca _aМинте-Кениг _bБ. _f1947- _gБьянка _3RU\NLR\AUTH\7723613 _96666 |
|
| 701 | 1 |
_aДёринг _bХ.-Г. _f1962- _gХанс-Гюнтер |
|
| 801 | 0 |
_aRU _bРГБ _c20160718 _gRCR |
|
| 942 | _cBOOK | ||
| 980 | _aNBR | ||
| 980 | _aNB | ||